| 000 | 00562nam a2200169Ia 4500 | ||
|---|---|---|---|
| 003 | SGT | ||
| 020 | _a9780070260689 | ||
| 082 |
_a624.1821 _bDUG |
||
| 100 | _aDuggal,S.K | ||
| 245 | _aDesign of steel structures | ||
| 250 | _a3rd . . Ed. | ||
| 260 |
_bTata McGraw Hill Education Private Limited _aNew Delhi _c2012 |
||
| 300 | _a839p. | ||
| 650 | _aCIVIL ENGINEERING | ||
| 653 | _aGENERAL CONSIDERATIONS,SIMPLE CONNECTIONS-RIVETED,BOLTED AND PINNED CONNECTIONS,SIMPLE CONNECTIONS-WELDED CONNECTIONS,COMPRESSION MEMBERS,BEAMS,GANTRY GIRDERS | ||
| 942 |
_2ddc _cBK _022 |
||
| 999 |
_c5765 _d5765 |
||